[Event "GER-ch Net Amateur Gr-B Vor2"]
[Site "Playchess.com INT"]
[Date "2020.04.15"]
[Round "2"]
[White "Kroneberger, Werner"]
[Black "Stosberg, Marc"]
[Result "0-1"]
[WhiteElo "1340"]
[BlackElo "1620"]
[PlyCount "34"]
[EventDate "2020.04.15"]
[EventType "swiss (blitz)"]
[EventRounds "9"]
[EventCountry "GER"]
[SourceTitle "CBM 196 Extra"]
[Source "ChessBase"]
[SourceDate "2020.07.31"]
[SourceVersion "1"]
[SourceVersionDate "2020.07.31"]
[SourceQuality "1"]

1. e4 c5 2. Nf3 d6 3. d4 cxd4 4. Nxd4 Nc6 5. Nc3 g6 6. Be3 Bg7 7. Be2 Nf6 8. 0-0 0-0 9. Qd2 Bd7 10. Rad1 Ne5 11. f4 Neg4 12. h3 Nxe3 13. Qxe3 a6 14. f5 Qb6 15. Qc1 Nxe4 16. Nd5 Bxd4+ 17. Rxd4 Qxd4+ 0-1

[Event "Heusenstamm Sparkassen op-B 6th"]
[Site "Heusenstamm"]
[Date "2019.11.22"]
[Round "2"]
[White "Weyerer, Noah"]
[Black "Stosberg, Marc"]
[Result "1-0"]
[WhiteElo "1362"]
[BlackElo "1798"]
[PlyCount "22"]
[EventDate "2019.11.21"]
[EventType "swiss"]
[EventRounds "7"]
[EventCountry "GER"]
[SourceTitle "CBM 194 Extra"]
[Source "ChessBase"]
[SourceDate "2020.03.31"]
[SourceVersion "1"]
[SourceVersionDate "2020.03.31"]
[SourceQuality "1"]

1. d4 d5 2. Bf4 c5 3. e3 cxd4 4. exd4 Nc6 5. c3 Nf6 6. Bd3 Bg4 7. Qb3 Qd7 8. Nd2 e6 9. Ngf3 Bd6 10. Bg3 Bxg3 11. hxg3 0-0 1-0

[Event "Heusenstamm Sparkassen op-B 6th"]
[Site "Heusenstamm"]
[Date "2019.11.21"]
[Round "1"]
[White "Stosberg, Marc"]
[Black "Mook, Karl Juergen"]
[Result "1-0"]
[WhiteElo "1798"]
[BlackElo "1513"]
[PlyCount "75"]
[EventDate "2019.11.21"]
[EventType "swiss"]
[EventRounds "7"]
[EventCountry "GER"]
[SourceTitle "CBM 194 Extra"]
[Source "ChessBase"]
[SourceDate "2020.03.31"]
[SourceVersion "1"]
[SourceVersionDate "2020.03.31"]
[SourceQuality "1"]

1. e4 e5 2. Nf3 Nc6 3. d4 exd4 4. Nxd4 Bc5 5. Nxc6 bxc6 6. Bd3 Nf6 7. e5 Nd5 8. Qg4 g6 9. Bg5 Be7 10. Bh6 d6 11. Qa4 Bb7 12. Be4 Qd7 13. 0-0 Nb6 14. Qb3 d5 15. Bd3 Qe6 16. a4 a5 17. f4 Ba6 18. Bxa6 Bc5+ 19. Kh1 Rxa6 20. Bg7 Rg8 21. Bf6 Be7 22. Bxe7 Kxe7 23. Nd2 Raa8 24. Nf3 h6 25. Nd4 Qd7 26. e6 Qd6 27. exf7 Kxf7 28. f5 g5 29. Rae1 Rge8 30. Ne6 Nc4 31. Qh3 Rh8 32. Qh5+ Ke7 33. Nxc7+ Ne5 34. Nxa8 Rxa8 35. f6+ Kd7 36. Qxh6 Kc8 37. Qg7 Ra7 38. Qxa7 1-0